000
00309nam a22001337a 4500
008
170906b xxu||||| |||| 00| 0 eng d
020
_a
9780064300223
041
_a
eng
080
_a
72
100
_a
41
101
_a
ARK
245
_a
ART & ARCHITECTURE IN MEDIEVAL FRANCE
_c
STODDARD, W.S
942
_2
udc
_c
BK
999
_c
26306
_d
26306